00709nam a2200229 a 450000100060000000300080000600500170001400800410003102000150007203500190008704000250010604100080013108200200013910000280015924501080018726000300029530000260032550400510035165000180040265000140042065100450043424780BD-RjUL20211209001110.0140315s1969 enk b 001 0 eng d a0416117708 a(BD-RjUL)24849 aLCbengcLCdBD-RjUL aeng00a940.1bULC 19691 aUllmann, Walter,d1910-14aThe Carolingian Renaissance and the idea of kingship :bthe birkbeck lectures 1968-9 /cWalter Ullmann. aLondon :bMethuen,c1969. axiv, 201 p. ;c23 cm. aIncludes bibliographical references and index. 0aCarolingians. 0aMonarchy. 0aFrancexPolitics and governmentyTo 987.